Suomen kunnat, joiden nimessä on useampi U - Statistics

Yleistilastot
  • Tätä visaa on pelattu 141 kertaa
  • Keskiarvotulos 14 / 21
Vastaustilastot
Vihje Maakunta Kunta % Oikein
4 x U Varsinais-Suomi Uusikaupunki
94%
3 x U Uusimaa Tuusula
86%
2 x U Pohjois-Karjala Joensuu
83%
2 x U Kainuu Suomussalmi
80%
2 x U Pohjanmaa Uusikaarlepyy
77%
2 x U Keski-Suomi Muurame
75%
2 x U Varsinais-Suomi Turku
75%
2 x U Keski-Suomi Uurainen
72%
2 x U Pohjois-Pohjanmaa Kuusamo
71%
3 x U Keski-Suomi Keuruu
69%
2 x U Pohjois-Savo Tuusniemi
69%
2 x U Etelä-Karjala Luumäki
68%
2 x U Pirkanmaa Juupajoki
66%
3 x U Pohjois-Karjala Outokumpu
65%
2 x U Etelä-Savo Puumala
65%
2 x U Pohjois-Pohjanmaa Oulu
62%
2 x U Pohjois-Karjala Juuka
60%
3 x U Pohjanmaa Kruunupyy
58%
2 x U Pirkanmaa Punkalaidun
54%
2 x U Pohjois-Savo Kiuruvesi
51%
2 x U Pohjanmaa Kristiinankaupunki
40%
Ehtoja vastaavia visoja ei löytynyt
Tulosjakauma
Jokaisen tuloksen saaneiden osuus
Persentiili vastausten määrän mukaan
Tuloshistoriasi
Et ole pelannut tätä visaa